| 000 | 00899nam0a22002651 4500 | ||
|---|---|---|---|
| 001 | rc\53622 | ||
| 005 | 20260503052752.0 | ||
| 010 |
_a5-88560-088-0 _950000 |
||
| 035 | _a(NLR Aleph) 005331518 | ||
| 090 |
_a6596678 _c6596678 |
||
| 100 | _a20131026d1991 |||y0rusy50 ca | ||
| 101 | 0 | _arus | |
| 102 | _aRU | ||
| 105 | _aa ||||||||| | ||
| 200 | 1 | _aЦарствование императора Николая II | |
| 205 | _a[Репринт. воспроизведение изд.: Вашингтон, 1981] | ||
| 210 |
_aСПб. _cПетрополь _d1991 |
||
| 215 |
_a644 с. _cил. _d23 |
||
| 600 | 0 |
_aНиколай _dII _cимператор _2psbo |
|
| 700 | 1 |
_7ca _8rus _aОльденбург _bС. С. _f1888-1940 _gСергей Сергеевич _3RU\NLR\AUTH\770127033 _9127009 |
|
| 801 | 0 |
_aRU _bNLR _gpsbo |
|
| 801 | 1 |
_aRU _bELAR _2rusmarc |
|
| 852 |
_aNLR _j91-5/5008 |
||
| 942 | _cBOOK | ||
| 980 | _aNB | ||